| 000 | 00968nam a2200301 i 4500 | ||
|---|---|---|---|
| 001 | 000012684 | ||
| 003 | DO-SdBNP | ||
| 005 | 20250630104809.0 | ||
| 007 | ta | ||
| 008 | 091116s1982 dr r 000 f spa d | ||
| 020 | _z84000184 | ||
| 040 |
_aDO-SdBNP _bspa _cBNPHU _erda |
||
| 082 | 4 |
_aRD863.44 _bP936m 1982 _222 |
|
| 100 | 1 |
_aPrestol Castillo, Freddy, _97392 _eautor |
|
| 245 | 1 | 3 |
_aEl masacre se pasa a pie / _cFreddy Prestol Castillo. |
| 250 | _a5a. ed. | ||
| 264 |
_aSanto Domingo : _bTaller, _c1982. |
||
| 300 |
_a153 páginas ; _c20 cm. |
||
| 336 |
_2rdacontent _atexto _btxt |
||
| 337 |
_2rdamedia _asin mediación _bn |
||
| 338 |
_2rdacarrier _avolumen _bnc |
||
| 590 | _aInventariado, 2019/BT | ||
| 650 | 4 |
_aNovela histórica dominicana. _9860 |
|
| 650 | 0 |
_aLiteratura dominicana. _967 |
|
| 651 | 0 |
_aREPÚBLICA DOMINICANA _xHISTORIA _yERA DE TRUJILLO, 1930-1961 _xNOVELA _921999 |
|
| 910 | _aVMate / Validado. Control de calidad. MFF | ||
| 942 |
_2ddc _cLBS1 |
||
| 999 |
_c12335 _d12335 |
||